Členské státy NATO - Statistics

General Stats
  • This quiz has been taken 196 times
  • The average score is 27 of 32
Answer Stats
Answer % Correct
Česko
99%
Slovensko
99%
Finsko
98%
Německo
97%
Francie
96%
Švédsko
95%
Itálie
94%
Polsko
94%
Portugalsko
94%
Španělsko
94%
Norsko
92%
Slovinsko
91%
Spojené státy americké
91%
Belgie
90%
Nizozemsko
89%
Spojené království
89%
Dánsko
87%
Litva
87%
Lotyšsko
86%
Bulharsko
85%
Chorvatsko
85%
Estonsko
85%
Kanada
85%
Maďarsko
83%
Řecko
83%
Albánie
75%
Rumunsko
74%
Lucembursko
72%
Turecko
68%
Island
59%
Černá Hora
57%
Severní Makedonie
45%
No matching quizzes found
Score Distribution
Percent of People with Each Score
Percentile by Number Answered
Your Score History
You have not taken this quiz